01765nam a2200349 a 4500001001200000003000800012006001900020007001500039008004100054010001700095020001500112040002100127035002000148050002300168082001800191110008600209245028400295260005600579300003600635490002300671500016000694504005200854533015200906650004601058650004001104650004201144655002901186710001701215830003801232856012601270999001901396ebr10055037CaPaEBRm u cr cn|||||||||000620s2000 dcua sb 000 0 eng d z 00268239  z0309068916 aCaPaEBRcCaPaEBR a(OCoLC)4573277314aQC903b.N37 2000eb04a551.5/2532212 aNational Research Council (U.S.).bPanel on Reconciling Temperature Observations.10aReconciling observations of global temperature changeh[electronic resource] /cPanel on Reconciling Temperature Observations, Climate Research Committee, Board on Atmospheric Sciences and Climate, Commission on Geosciences, Environment, and Resources, National Research Council. aWashington, D.C. :bNational Academy Press,cc2000. axvi, 85 p. :bill. (some col.).1 aThe compass series a"Support for this project was provided by the National Oceanic and Atmospheric Administration under Contract No. 50-DKNA-7-90052 and by Alcoa"--T.p. verso. aIncludes bibliographical references (p. 72-78). aElectronic reproduction.bPalo Alto, Calif. :cebrary,d2013.nAvailable via World Wide Web.nAccess may be limited to ebrary affiliated libraries. 0aGlobal temperature changesvObservations. 0aUpper air temperaturexMeasurement. 0aAtmospheric temperaturexMeasurement. 7aElectronic books.2local2 aebrary, Inc. 0aCompass series (Washington, D.C.)40uhttp://site.ebrary.com/lib/rucke/Doc?id=10055037zAn electronic book accessible through the World Wide Web; click to view c177472d177472